[Event "Schachfestival Senioren"]
[Site "Bad Woerishofen"]
[Date "2011.03.27"]
[Round "5.5"]
[White "Engbrecht, Helmut"]
[Black "Krieger, Hermann"]
[Result "0-1"]
[WhiteElo "1936"]
[BlackElo "2172"]
[PlyCount "46"]
[EventDate "2011.??.??"]

1. e4 c5 2. Nc3 Nc6 3. Nf3 g6 4. Be2 Bg7 5. O-O Nf6 6. Ne1 d5 7. exd5 Nxd5 8.
Nxd5 Qxd5 9. Bf3 Qd6 10. d3 O-O 11. Rb1 e5 12. Bxc6 Qxc6 13. Qf3 Qc7 14. Qg3
Be6 15. b3 f5 16. f4 e4 17. Be3 Rad8 18. dxe4 fxe4 19. Qf2 Bd4 20. c4 Rxf4 21.
Qxf4 Qxf4 22. Rxf4 Bxe3+ 23. Rf2 Rd2 0-1

[Event "Schachfestival Senioren"]
[Site "Bad Woerishofen"]
[Date "2011.03.27"]
[Round "5.6"]
[White "Neese, Hans Joachim"]
[Black "Vavruska, Antonin"]
[Result "1/2-1/2"]
[WhiteElo "2230"]
[BlackElo "2111"]
[PlyCount "58"]
[EventDate "2011.??.??"]

1. d4 f5 2. c4 e6 3. Nc3 Nf6 4. Nf3 d6 5. b4 Be7 6. Bb2 O-O 7. e3 a5 8. b5 Ne4
9. Qc2 d5 10. Nd2 c6 11. Be2 Nxc3 12. Bxc3 Nd7 13. O-O Bd6 14. f4 Nf6 15. Rf3
Bd7 16. bxc6 bxc6 17. c5 Be7 18. Rb1 Qc7 19. Rff1 Ng4 20. Qd3 Bc8 21. Rb6 Bd8
22. h3 Qd7 23. Rfb1 Bxb6 24. Rxb6 Nf6 25. Nf3 Qc7 26. Ne5 Nd7 27. Rxc6 Nxe5 28.
Rxc7 Nxd3 29. Bxd3 Rf7 1/2-1/2

[Event "Schachfestival Senioren"]
[Site "Bad Woerishofen"]
[Date "2011.03.27"]
[Round "5.21"]
[White "Blosze, Winfried"]
[Black "Gudat, Alfons"]
[Result "0-1"]
[WhiteElo "1956"]
[BlackElo "2051"]
[PlyCount "90"]
[EventDate "2011.??.??"]

1. e4 c5 2. d4 cxd4 3. c3 Nf6 4. e5 Nd5 5. Nf3 e6 6. cxd4 Nc6 7. Bc4 Bb4+ 8.
Bd2 Nb6 9. Bb3 d6 10. a3 Bxd2+ 11. Qxd2 dxe5 12. dxe5 O-O 13. O-O Nd7 14. Re1
Qc7 15. Qc3 Qa5 16. Ba2 Qxc3 17. Nxc3 a5 18. Rad1 a4 19. Nb5 Ra5 20. Bc4 Nb6
21. Bf1 Nd5 22. Nd6 Rd8 23. Nb5 Kf8 24. Nfd4 Nxd4 25. Rxd4 Bd7 26. Nc3 Nxc3 27.
bxc3 Ke7 28. f4 Rc5 29. c4 Bc6 30. Rxd8 Kxd8 31. g3 Kc7 32. Kf2 Ra5 33. Ke3 Ra6
34. Rb1 Ra8 35. Bd3 f6 36. exf6 gxf6 37. Rb4 h5 38. h4 Rg8 39. Kf2 e5 40. fxe5
fxe5 41. Bc2 Rf8+ 42. Ke1 Rf3 43. Bd1 Rxa3 44. Bxh5 Rxg3 45. Bf7 Rg4 0-1

[Event "Schachfestival Senioren"]
[Site "Bad Woerishofen"]
[Date "2011.03.27"]
[Round "5.27"]
[White "Krotofil, Kurt"]
[Black "Nievergelt, Heinrich"]
[Result "1-0"]
[WhiteElo "2039"]
[BlackElo "1877"]
[PlyCount "33"]
[EventDate "2011.??.??"]

1. d4 d5 2. c4 Nc6 3. cxd5 Qxd5 4. Nf3 e6 5. Nc3 Bb4 6. e3 Nf6 7. Bd3 e5 8.
dxe5 Nxe5 9. Nxe5 Bxc3+ 10. bxc3 Qxe5 11. Qc2 O-O 12. Bb2 h6 13. h3 Bd7 14. c4
Qg5 15. O-O-O Qa5 16. Bxf6 Ba4 17. Qc3 1-0

[Event "Schachfestival Senioren"]
[Site "Bad Woerishofen"]
[Date "2011.03.27"]
[Round "5.29"]
[White "Eichler, Gottfried"]
[Black "Kolb, Werner"]
[Result "1-0"]
[WhiteElo "2003"]
[BlackElo "1849"]
[PlyCount "59"]
[EventDate "2011.??.??"]

1. d4 Nf6 2. Nf3 e6 3. e3 d5 4. Bd3 c5 5. c3 Bd6 6. Nbd2 Nbd7 7. O-O O-O 8. Qe2
Re8 9. e4 e5 10. dxe5 Nxe5 11. Nxe5 Bxe5 12. f4 c4 13. Bc2 Bg4 14. Qe1 Bc7 15.
e5 Bb6+ 16. Kh1 h5 17. Nf3 Nh7 18. Be3 f6 19. Bd4 Nf8 20. Qd2 Be6 21. Rae1 f5
22. Ng5 g6 23. Rd1 Re7 24. Qf2 Rc8 25. Rd2 Kg7 26. Rdd1 Bg8 27. Qg3 Bxd4 28.
Rxd4 Rc6 29. Bxf5 Nh7 30. Nf3 1-0

[Event "Schachfestival Senioren"]
[Site "Bad Woerishofen"]
[Date "2011.03.27"]
[Round "5.43"]
[White "Ganslmayer, Herbert"]
[Black "Langhoff, Wolfgang"]
[Result "1-0"]
[WhiteElo "1916"]
[BlackElo "1786"]
[PlyCount "55"]
[EventDate "2011.??.??"]

1. d4 Nf6 2. e3 g6 3. f4 d5 4. Bd3 Bg7 5. Nd2 O-O 6. Ngf3 c5 7. c3 b6 8. O-O
Ba6 9. Qe2 Bxd3 10. Qxd3 Qd6 11. Ne5 Nbd7 12. Ndf3 Ne4 13. g4 f6 14. Nxd7 Qxd7
15. f5 gxf5 16. gxf5 Qxf5 17. Nh4 Qg4+ 18. Ng2 Qg6 19. dxc5 Nxc5 20. Qxd5+ e6
21. Qf3 Ne4 22. Kh1 f5 23. Nf4 Qh6 24. Rg1 Kf7 25. Bd2 Nxd2 26. Qb7+ Kf6 27.
Rxg7 Rad8 28. Rxh7 1-0

[Event "Schachfestival Senioren"]
[Site "Bad Woerishofen"]
[Date "2011.03.27"]
[Round "5.47"]
[White "Strässer, Gerda"]
[Black "Harke, Horst"]
[Result "0-1"]
[WhiteElo "1757"]
[BlackElo "1899"]
[PlyCount "32"]
[EventDate "2011.??.??"]

1. e4 e5 2. Nf3 Nf6 3. d4 Nxe4 4. Nxe5 d5 5. Bd3 Bd6 6. O-O O-O 7. c3 Bxe5 8.
dxe5 Nc5 9. Bc2 Nc6 10. Be3 Ne6 11. Qd3 g6 12. f4 Ng7 13. Bb3 Be6 14. Nd2 a6
15. Rad1 Na5 16. Bc2 Bf5 0-1

[Event "Schachfestival Senioren"]
[Site "Bad Woerishofen"]
[Date "2011.03.27"]
[Round "5.14"]
[White "Teichmeister, Sven"]
[Black "Mittermaier, Walter"]
[Result "0-1"]
[WhiteElo "2058"]
[BlackElo "2125"]
[PlyCount "92"]
[EventDate "2011.??.??"]

1. d4 d5 2. Nf3 Nf6 3. e3 c6 4. Bd3 Bg4 5. Nbd2 Nbd7 6. c4 e5 7. cxd5 Nxd5 8.
O-O exd4 9. exd4 Be7 10. Qb3 Qb6 11. Qxb6 axb6 12. Ne5 Nb4 13. Bc4 Nxe5 14.
dxe5 b5 15. Bb3 Nd3 16. Ne4 Be2 17. Bg5 Bxf1 18. Kxf1 h6 19. Bxe7 Kxe7 20. Nd6
Nxe5 21. Nxb7 Nd3 22. Rd1 Rhb8 23. Rxd3 Rxb7 24. Rf3 f6 25. Rc3 Kd6 26. Rd3+
Kc7 27. Rg3 Kb6 28. Re3 Rd8 29. Ke1 Rdd7 30. Ke2 Rd6 31. Ke1 Rbd7 32. Re2 c5
33. f3 c4 34. Bc2 Ra7 35. Bb1 Kc5 36. Re4 Rad7 37. Bc2 Rd2 38. Re2 Rxe2+ 39.
Kxe2 b4 40. Ke3 c3 41. bxc3 bxc3 42. Bd3 Ra7 43. Bb1 Rd7 44. Bd3 Re7+ 45. Kf2
Kb4 46. Bc2 Ka3 0-1

[Event "Schachfestival Senioren"]
[Site "Bad Woerishofen"]
[Date "2011.03.27"]
[Round "5.45"]
[White "Barlo, Werner"]
[Black "Aufmwasser, Günter"]
[Result "1/2-1/2"]
[WhiteElo "1901"]
[BlackElo "1796"]
[PlyCount "47"]
[EventDate "2011.??.??"]

1. d4 e5 2. dxe5 Nc6 3. Nf3 Qe7 4. e3 Nxe5 5. Nxe5 Qxe5 6. Bd3 d5 7. O-O Nf6 8.
f4 Qh5 9. Qxh5 Nxh5 10. Nc3 c6 11. Bd2 f5 12. Ne2 Nf6 13. Ng3 Ne4 14. Nxe4 fxe4
15. Be2 Bc5 16. b4 Bb6 17. a4 a6 18. a5 Ba7 19. c4 d4 20. c5 d3 21. Bh5+ g6 22.
Bc3 O-O 23. Bd1 Be6 24. Rb1 1/2-1/2

[Event "Schachfestival Nestoren"]
[Site "Bad Woerishofen"]
[Date "2011.03.27"]
[Round "5.3"]
[White "Meinhardt, Günter"]
[Black "Grönegress, Wilfried"]
[Result "0-1"]
[WhiteElo "1880"]
[BlackElo "2150"]
[PlyCount "52"]
[EventDate "2011.??.??"]

1. d4 Nf6 2. Nf3 e6 3. c4 Bb4+ 4. Bd2 Qe7 5. a3 Bxd2+ 6. Nbxd2 d6 7. g3 e5 8.
Qa4+ c6 9. dxe5 dxe5 10. Bg2 e4 11. Nd4 e3 12. fxe3 Qxe3 13. Nc2 Qe7 14. e4
Nbd7 15. Ne3 Ne5 16. Qc2 O-O 17. c5 Nfg4 18. Nxg4 Bxg4 19. O-O Rad8 20. Rf4 Rd7
21. Nf1 Rfd8 22. h3 Be6 23. b4 Rd3 24. Qe2 Qd7 25. Qh5 Qd4+ 26. Kh2 Qxa1 0-1

[Event "Schachfestival Nestoren"]
[Site "Bad Woerishofen"]
[Date "2011.03.27"]
[Round "5.4"]
[White "Bräu, Ludwig"]
[Black "Zohr, Adelbert"]
[Result "1-0"]
[WhiteElo "2005"]
[BlackElo "1939"]
[PlyCount "61"]
[EventDate "2011.??.??"]

1. c4 e5 2. g3 Nf6 3. Bg2 c6 4. d4 Bb4+ 5. Nc3 Qa5 6. dxe5 Bxc3+ 7. bxc3 Qxc3+
8. Bd2 Qxe5 9. Nf3 Qe6 10. Qc2 O-O 11. O-O h6 12. Nd4 Qe8 13. Bb4 Qd8 14. Bxf8
Qxf8 15. c5 d5 16. cxd6 Qxd6 17. Rfd1 Qe7 18. Rab1 Na6 19. Qc4 Rb8 20. e3 Be6
21. Nxe6 fxe6 22. Qd4 c5 23. Qe5 b5 24. Rd6 Rb6 25. Rbd1 Kf7 26. Bh3 Rxd6 27.
Rxd6 Nc7 28. Rc6 Nfd5 29. e4 Qf6 30. Qxf6+ Nxf6 31. Rxc7+ 1-0

[Event "Schachfestival Nestoren"]
[Site "Bad Woerishofen"]
[Date "2011.03.27"]
[Round "5.5"]
[White "Neumann, Erwin"]
[Black "Möckel, Edgar"]
[Result "1/2-1/2"]
[WhiteElo "1983"]
[BlackElo "1935"]
[PlyCount "36"]
[EventDate "2011.??.??"]

1. e4 c6 2. d4 d5 3. Nc3 dxe4 4. Nxe4 Bf5 5. Ng3 Bg6 6. h4 h6 7. Nf3 Nd7 8. h5
Bh7 9. Bd3 Bxd3 10. Qxd3 e6 11. Bf4 Ngf6 12. O-O-O Be7 13. Kb1 O-O 14. Ne4 Nxe4
15. Qxe4 Nf6 16. Qe2 Qd5 17. Ne5 Qe4 18. Qxe4 Nxe4 1/2-1/2

[Event "Schachfestival Open"]
[Site "Bad Woerishofen"]
[Date "2011.03.28"]
[Round "6.4"]
[White "Mainka, Romuald"]
[Black "Karpatchev, Alexandr"]
[Result "1-0"]
[WhiteElo "2493"]
[BlackElo "2472"]
[PlyCount "61"]
[EventDate "2011.??.??"]

1. e4 e5 2. Nf3 Nc6 3. Bc4 Bc5 4. d3 Nf6 5. c3 a6 6. O-O Ba7 7. Bb3 O-O 8. h3
d5 9. exd5 Nxd5 10. Re1 Be6 11. Na3 Re8 12. Ng5 Qf6 13. Qe2 Rad8 14. Nxe6 fxe6
15. Rf1 Nce7 16. Qg4 h6 17. Nc4 Nf5 18. Kh2 b5 19. Nd2 h5 20. Qe4 Qg6 21. Nf3
Nf6 22. Nxe5 Nxe4 23. Nxg6 Rxd3 24. Bc2 Nxf2 25. Rxf2 Bxf2 26. Bxd3 Bg3+ 27.
Kg1 Rd8 28. Be2 h4 29. Bg5 Rd6 30. Rd1 Kf7 31. Nf4 1-0

[Event "Schachfestival Open"]
[Site "Bad Woerishofen"]
[Date "2011.03.28"]
[Round "6.5"]
[White "Grimberg, Boris"]
[Black "Kveinys, Aloyzas"]
[Result "1/2-1/2"]
[WhiteElo "2333"]
[BlackElo "2506"]
[PlyCount "51"]
[EventDate "2011.??.??"]

1. e4 c5 2. Nf3 e6 3. d4 cxd4 4. Nxd4 a6 5. Bd3 Nf6 6. O-O Qc7 7. Qe2 d6 8. c4
g6 9. Nc3 Bg7 10. Rd1 O-O 11. Nf3 Nc6 12. h3 Nd7 13. Be3 Bxc3 14. bxc3 f6 15.
Qd2 Nc5 16. Bc2 Rd8 17. Bxc5 dxc5 18. Qe3 e5 19. Qxc5 Be6 20. Rab1 Rac8 21. Rb6
Qf7 22. Rxd8+ Nxd8 23. Qd6 Bxc4 24. Bb3 Bxb3 25. axb3 Nc6 26. b4 1/2-1/2

[Event "Schachfestival Open"]
[Site "Bad Woerishofen"]
[Date "2011.03.28"]
[Round "6.6"]
[White "Espig, Lutz"]
[Black "Kasparov, Sergey"]
[Result "0-1"]
[WhiteElo "2364"]
[BlackElo "2473"]
[PlyCount "80"]
[EventDate "2011.??.??"]

1. Nf3 d5 2. g3 Nf6 3. Bg2 Bf5 4. d3 e6 5. Nbd2 h6 6. b3 Be7 7. Bb2 O-O 8. O-O
c5 9. Qe1 Bh7 10. e4 Nc6 11. Qe2 Qc7 12. Rfe1 Rad8 13. exd5 Nxd5 14. Ne4 Rfe8
15. a3 Nb6 16. c4 a5 17. Rad1 a4 18. Qc2 axb3 19. Qxb3 Nd7 20. Nc3 Bf6 21. Nb5
Qb6 22. Re2 Bg6 23. Bxf6 Nxf6 24. Nh4 Bh5 25. Bf3 Bxf3 26. Nxf3 Rd7 27. Nd2 Qd8
28. Ne4 Nxe4 29. Rxe4 Qf6 30. Re3 Red8 31. Rd2 Ne5 32. f4 Nc6 33. Rf2 h5 34.
Kg2 Qg6 35. Rff3 h4 36. Qc2 Ne7 37. Kf2 Qg4 38. Re5 b6 39. Rg5 Qh3 40. Kg1 f6
0-1

[Event "Schachfestival Open"]
[Site "Bad Woerishofen"]
[Date "2011.03.28"]
[Round "6.7"]
[White "Kovacevic, Blazimir"]
[Black "Pirrot, Dieter"]
[Result "1-0"]
[WhiteElo "2466"]
[BlackElo "2393"]
[PlyCount "81"]
[EventDate "2011.??.??"]

1. d4 e6 2. c4 f5 3. g3 Nf6 4. Bg2 Be7 5. Nf3 d6 6. O-O a5 7. Nc3 O-O 8. b3 Na6
9. Bb2 Qe8 10. a3 Bd7 11. Ne1 Rb8 12. Nd3 b5 13. e3 bxc4 14. bxc4 c5 15. Re1
Bc6 16. d5 exd5 17. cxd5 Bd7 18. Rb1 c4 19. Nf4 Nc5 20. Ba1 g5 21. Rxb8 Qxb8
22. Ne6 Bxe6 23. dxe6 Nd3 24. Rf1 Qc8 25. Qa4 Qxe6 26. Qxa5 Nc5 27. Qb6 Kf7 28.
Rd1 Nce4 29. Nb5 d5 30. Qa7 Rc8 31. Bxe4 Nxe4 32. Nc3 Nf6 33. a4 Kg6 34. Qb7
Rd8 35. Ne2 Ng4 36. Bd4 Qe4 37. Nc3 Qf3 38. Rf1 Bf6 39. Qc6 Rf8 40. Nxd5 Rf7
41. Ne7+ 1-0

[Event "Schachfestival Open"]
[Site "Bad Woerishofen"]
[Date "2011.03.28"]
[Round "6.8"]
[White "Dittmar, Peter"]
[Black "Zude, Arno"]
[Result "1-0"]
[WhiteElo "2309"]
[BlackElo "2443"]
[PlyCount "81"]
[EventDate "2011.??.??"]

1. e4 e5 2. Bc4 Nf6 3. d3 c6 4. Nf3 d5 5. Bb3 Bd6 6. Nbd2 O-O 7. O-O Nbd7 8. c3
Re8 9. Re1 h6 10. h3 Qc7 11. Nf1 Nc5 12. Bc2 dxe4 13. dxe4 a5 14. a4 Be6 15.
N3d2 b5 16. axb5 cxb5 17. Ne3 Qb7 18. Qf3 Bf8 19. Nf5 Bxf5 20. Qxf5 a4 21. Nf1
Ra6 22. Re3 Nb3 23. Bxb3 axb3 24. Rxa6 Qxa6 25. Nd2 Qa4 26. Qf3 Rd8 27. Rd3 Rd7
28. Kh2 Qa1 29. Nxb3 Qa4 30. Rxd7 Nxd7 31. c4 bxc4 32. Nd2 Bc5 33. Qc3 Qd1 34.
Qxc4 Bxf2 35. Nf3 Nc5 36. b4 Ne6 37. Bb2 Ng5 38. Qc8+ Kh7 39. Qf5+ Kg8 40. Qc8+
Kh7 41. Nxg5+ 1-0

[Event "Schachfestival Open"]
[Site "Bad Woerishofen"]
[Date "2011.03.28"]
[Round "6.12"]
[White "Meijers, Viesturs"]
[Black "Löw, Gerald"]
[Result "1-0"]
[WhiteElo "2493"]
[BlackElo "2261"]
[PlyCount "69"]
[EventDate "2011.??.??"]

1. Nf3 c5 2. b3 Nc6 3. Bb2 d6 4. e3 e5 5. d4 cxd4 6. exd4 Bg4 7. Nbd2 Nf6 8. h3
Bxf3 9. Qxf3 e4 10. Nxe4 Qe7 11. d5 Nxe4 12. dxc6 Ng3+ 13. Kd2 Qg5+ 14. Kd1
Nxh1 15. cxb7 Rb8 16. Qc6+ Kd8 17. Bd4 Qe7 18. Ba6 Qc7 19. Qb5 d5 20. Bxa7 Qe5
21. Bb6+ Ke7 22. Kd2 Qxa1 23. Qxd5 Kf6 24. Bd4+ Qxd4+ 25. Qxd4+ Kg6 26. Qg4+
Kf6 27. Qf4+ Ke6 28. Bc4+ Kd7 29. Bb5+ Ke6 30. Qe4+ Kf6 31. Qd4+ Kg6 32. Bd3+
f5 33. g4 Rd8 34. Qb6+ Bd6 35. b8=Q 1-0

[Event "Schachfestival Open"]
[Site "Bad Woerishofen"]
[Date "2011.03.28"]
[Round "6.14"]
[White "Skembris, Spyridon"]
[Black "Ugolik, Vitalij"]
[Result "1-0"]
[WhiteElo "2461"]
[BlackElo "2247"]
[PlyCount "85"]
[EventDate "2011.??.??"]

1. d4 Nf6 2. c4 e6 3. Nf3 c5 4. d5 exd5 5. cxd5 d6 6. Nc3 g6 7. e4 Bg7 8. Bb5+
Bd7 9. a4 a6 10. Be2 Bg4 11. Nd2 Bxe2 12. Qxe2 O-O 13. Nc4 Ne8 14. O-O Nd7 15.
a5 Qe7 16. Ra3 Nc7 17. Bf4 Ne5 18. Rb3 Rab8 19. Rb6 Nxc4 20. Qxc4 Rfd8 21. Bg3
Na8 22. Rb3 Re8 23. f3 h5 24. h3 h4 25. Bh2 Be5 26. Bxe5 Qxe5 27. Qe2 Nc7 28.
Qf2 Qf6 29. f4 Nb5 30. Nxb5 axb5 31. e5 dxe5 32. Qxc5 exf4 33. Qf2 Re4 34. Rxb5
Rbe8 35. Rxb7 Qg5 36. d6 Qxa5 37. d7 Rd8 38. Qxh4 g5 39. Qg4 Re1 40. Rxe1 Qxe1+
41. Kh2 Qe5 42. Qf3 Qd6 43. Rb5 1-0

[Event "Schachfestival Open"]
[Site "Bad Woerishofen"]
[Date "2011.03.28"]
[Round "6.26"]
[White "Keller, Manfred"]
[Black "Meier, Volker"]
[Result "1/2-1/2"]
[WhiteElo "2136"]
[BlackElo "2301"]
[PlyCount "90"]
[EventDate "2011.??.??"]

1. Nf3 c5 2. b3 Nf6 3. Bb2 e6 4. e3 b6 5. Be2 Bb7 6. O-O Be7 7. d4 O-O 8. c4
cxd4 9. Nxd4 a6 10. Nc3 d6 11. Bf3 Ra7 12. Bxb7 Rxb7 13. Qf3 Qc7 14. Rfd1 Rc8
15. Rac1 Nbd7 16. Qg3 Bf8 17. Qh4 Qb8 18. Ne4 b5 19. Nxf6+ Nxf6 20. cxb5 e5 21.
bxa6 Rbc7 22. Nf5 Rc2 23. Qg5 Kh8 24. Rxc2 Rxc2 25. Ba3 Rxa2 26. Bxd6 Qxb3 27.
Rf1 h6 28. Qh4 Bxd6 29. Nxd6 Rxa6 30. Qc4 Qxc4 31. Nxc4 e4 32. Rd1 g6 33. h3
Kg7 34. Rd4 Ra1+ 35. Kh2 Rf1 36. Rd2 h5 37. g3 g5 38. Kg2 Rc1 39. Nd6 Rc5 40.
Rd4 Re5 41. Nc4 Re7 42. Nd6 Kg6 43. Rb4 Re6 44. Rd4 g4 45. h4 Re5 1/2-1/2

[Event "Schachfestival Open"]
[Site "Bad Woerishofen"]
[Date "2011.03.28"]
[Round "6.48"]
[White "Kretschel, Klaus"]
[Black "Trebbin, Wolfhard"]
[Result "1-0"]
[WhiteElo "2112"]
[BlackElo "2024"]
[PlyCount "47"]
[EventDate "2011.??.??"]

1. f4 d5 2. Nf3 Nf6 3. e3 e6 4. b3 Nbd7 5. Bb2 Bd6 6. Ne5 O-O 7. Bd3 Nc5 8. Be2
a5 9. O-O c6 10. a3 Qc7 11. Qe1 Ncd7 12. Nxd7 Nxd7 13. c4 f5 14. d4 b6 15. Nd2
Bb7 16. Rc1 Be7 17. g4 fxg4 18. Bxg4 Rf6 19. Kh1 Rh6 20. Qe2 Rf8 21. Rg1 Rff6
22. Qg2 Rhg6 23. cxd5 h5 24. dxc6 1-0

[Event "Schachfestival Open"]
[Site "Bad Woerishofen"]
[Date "2011.03.28"]
[Round "6.51"]
[White "Herold, Gunther"]
[Black "Rutz, Matthias"]
[Result "0-1"]
[WhiteElo "1845"]
[BlackElo "2077"]
[PlyCount "32"]
[EventDate "2011.??.??"]

1. f4 d5 2. Nf3 g6 3. g3 Bg7 4. c3 c5 5. Bg2 Nc6 6. O-O Nf6 7. d3 O-O 8. Nbd2
Rb8 9. Qc2 Ng4 10. Nb1 d4 11. h3 Nh6 12. e4 dxc3 13. Nxc3 Nb4 14. Qa4 a6 15.
Rd1 b5 16. Qa3 Nc2 0-1

[Event "Schachfestival Open"]
[Site "Bad Woerishofen"]
[Date "2011.03.28"]
[Round "6.52"]
[White "Klügel, Jan"]
[Black "Günther, Carsten"]
[Result "0-1"]
[WhiteElo "1958"]
[BlackElo "2225"]
[PlyCount "74"]
[EventDate "2011.??.??"]

1. d4 e6 2. Nf3 b6 3. e3 Bb7 4. Bd3 f5 5. c4 Nf6 6. O-O g6 7. b3 Bg7 8. Bb2 O-O
9. Nbd2 Nc6 10. a3 Qe7 11. Rc1 Nd8 12. c5 Nf7 13. cxb6 cxb6 14. Qe2 Rac8 15.
Nc4 Ne4 16. Rc2 Nfg5 17. Nxg5 Nxg5 18. f3 Bh6 19. Rfc1 Nf7 20. b4 Qg5 21. b5
Rfd8 22. a4 Bf8 23. a5 bxa5 24. Nxa5 Rxc2 25. Rxc2 Bd5 26. Rc7 Bd6 27. Rxa7 Qh4
28. f4 Nh6 29. g3 Qh3 30. Ra6 Bb4 31. Nc4 Ng4 32. Ra4 Be1 33. e4 fxe4 34. Qg2
Qxg2+ 35. Kxg2 exd3+ 36. Kf1 d2 37. Ra1 Bxc4+ 0-1

[Event "Schachfestival Open"]
[Site "Bad Woerishofen"]
[Date "2011.03.28"]
[Round "6.62"]
[White "Dorr, Yannick"]
[Black "Spanton, Tim"]
[Result "1-0"]
[WhiteElo "1834"]
[BlackElo "2000"]
[PlyCount "51"]
[EventDate "2011.??.??"]

1. e4 c5 2. Nf3 g6 3. d4 cxd4 4. Qxd4 Nf6 5. e5 Nc6 6. Qa4 Nd5 7. Qe4 Nc7 8.
Nc3 Bg7 9. Bf4 Ne6 10. Bg3 O-O 11. O-O-O Qa5 12. Bc4 b5 13. Bxe6 fxe6 14. Kb1
b4 15. Ne2 Ba6 16. Nc1 Qc7 17. Nb3 Rxf3 18. gxf3 Rc8 19. f4 Bb5 20. h4 a5 21.
h5 a4 22. Nc1 a3 23. hxg6 Nd4 24. Rxh7 Nxc2 25. Qh1 Bxe5 26. fxe5 1-0

[Event "Schachfestival Open"]
[Site "Bad Woerishofen"]
[Date "2011.03.28"]
[Round "6.83"]
[White "Santos, Paulo"]
[Black "Hauff, André"]
[Result "1-0"]
[WhiteElo "1873"]
[BlackElo "2046"]
[PlyCount "45"]
[EventDate "2011.??.??"]

1. e4 c5 2. Nc3 g6 3. g3 Bg7 4. Bg2 d6 5. d3 Nc6 6. f4 Nf6 7. Nge2 Rb8 8. O-O
h5 9. h3 Bd7 10. Be3 Qc8 11. Kh2 h4 12. g4 Bxg4 13. Qd2 Bd7 14. d4 cxd4 15.
Nxd4 a6 16. Rae1 Nh5 17. Nd5 Ng3 18. Rg1 b5 19. e5 dxe5 20. Nxc6 Bxc6 21. Nxe7
Kxe7 22. Bc5+ Ke8 23. Qd6 1-0

[Event "Schachfestival Senioren"]
[Site "Bad Woerishofen"]
[Date "2011.03.28"]
[Round "6.1"]
[White "Krieger, Hermann"]
[Black "Rahls, Peter"]
[Result "1-0"]
[WhiteElo "2172"]
[BlackElo "2249"]
[PlyCount "79"]
[EventDate "2011.??.??"]

1. e4 c5 2. Nc3 Nc6 3. f4 e6 4. Nf3 d5 5. Bb5 d4 6. Bxc6+ bxc6 7. Ne2 d3 8. Nc3
Nf6 9. cxd3 Qxd3 10. Ne5 Qa6 11. d3 Be7 12. O-O O-O 13. Be3 Nd7 14. Nc4 Nb6 15.
Qe2 f6 16. b3 Qb7 17. Rf3 Qd7 18. Rd1 Ba6 19. Rh3 Rf7 20. g4 Nd5 21. exd5 cxd5
22. g5 d4 23. Rxh7 g6 24. Rxf7 Kxf7 25. gxf6 Bxf6 26. Ne5+ Bxe5 27. fxe5 Bb7
28. Qf1+ Kg8 29. Ne4 Bxe4 30. dxe4 Qb7 31. Bh6 Kh7 32. Bg5 Kg8 33. Qf4 Rf8 34.
Bf6 Qh7 35. Rd3 Qh5 36. Rg3 a5 37. Qf3 Qxf3 38. Rxf3 a4 39. h3 axb3 40. axb3
1-0

[Event "Schachfestival Senioren"]
[Site "Bad Woerishofen"]
[Date "2011.03.28"]
[Round "6.4"]
[White "Villing, Dieter"]
[Black "Lang, Ferdinand"]
[Result "0-1"]
[WhiteElo "2223"]
[BlackElo "2125"]
[PlyCount "76"]
[EventDate "2011.??.??"]

1. e4 e5 2. Nf3 Nc6 3. d4 exd4 4. Nxd4 Bc5 5. Be3 Qf6 6. c3 d6 7. Be2 Bd7 8.
O-O Qe7 9. Nb5 Rc8 10. Bxc5 dxc5 11. Nd2 Nf6 12. Qc2 O-O 13. Rad1 a6 14. Na3 b5
15. Rfe1 Rfe8 16. f3 Nh5 17. Nf1 Ne5 18. Qd2 Nf6 19. f4 Nxe4 20. Qd5 Bc6 21.
Qxe5 Qh4 22. g3 Nxg3 23. Nxg3 Rxe5 24. fxe5 Qg5 25. Bf1 h5 26. Bh3 Re8 27. e6
f5 28. Bxf5 h4 29. Be4 Bxe4 30. Rxe4 hxg3 31. Rde1 Re7 32. hxg3 Qxg3+ 33. Kf1
Qf3+ 34. Kg1 g6 35. R1e3 Qd1+ 36. Re1 Qd5 37. Nc2 Qxa2 38. R1e2 Qxb2 0-1

[Event "Schachfestival Senioren"]
[Site "Bad Woerishofen"]
[Date "2011.03.28"]
[Round "6.10"]
[White "Goy, Udo"]
[Black "Zschorsch, Peter"]
[Result "1-0"]
[WhiteElo "2199"]
[BlackElo "1973"]
[PlyCount "69"]
[EventDate "2011.??.??"]

1. Nf3 d6 2. d4 e6 3. e4 Ne7 4. Nc3 b6 5. a4 a5 6. Bg5 Bb7 7. Bb5+ c6 8. Bd3
Ba6 9. O-O Bxd3 10. Qxd3 f6 11. Be3 d5 12. Rfe1 Kf7 13. e5 Nf5 14. Bf4 h5 15.
exf6 gxf6 16. Rxe6 Ng7 17. Re2 Qd7 18. Rae1 Qg4 19. Bd2 h4 20. h3 Qh5 21. Nd1
Rg8 22. c4 Nf5 23. Nh2 Qg6 24. Ng4 Nd7 25. cxd5 cxd5 26. Qb5 Rd8 27. Qxd5+ Kg7
28. Nde3 Nxe3 29. Rxe3 Kh8 30. Re6 Bg7 31. Rd6 Rge8 32. Rxd7 Rxe1+ 33. Bxe1
Rxd7 34. Qxd7 Qe4 35. Bd2 1-0

[Event "Schachfestival Senioren"]
[Site "Bad Woerishofen"]
[Date "2011.03.28"]
[Round "6.11"]
[White "Lutz, Albert"]
[Black "Schmidt, Eugen"]
[Result "1-0"]
[WhiteElo "2166"]
[BlackElo "1938"]
[PlyCount "89"]
[EventDate "2011.??.??"]

1. Nf3 g6 2. d4 Bg7 3. c4 Nf6 4. Nc3 d6 5. g3 c6 6. Bg2 O-O 7. O-O Nbd7 8. Qc2
h6 9. Rd1 Qc7 10. h3 a5 11. e4 e5 12. Be3 Re8 13. d5 c5 14. Ne1 Nb6 15. b3 Bd7
16. Nd3 a4 17. Rab1 axb3 18. axb3 Ra6 19. Qd2 Kh7 20. Kh2 g5 21. Rf1 g4 22. f3
gxh3 23. Bxh3 Bxh3 24. Kxh3 Rf8 25. Kg2 Ng8 26. g4 f6 27. Rh1 Kg6 28. Ne2 Kf7
29. Ng3 Ke8 30. Nf5 Nc8 31. b4 b6 32. bxc5 bxc5 33. Rb5 Rf7 34. Rhb1 Qa7 35.
R1b2 Bf8 36. Rb8 Rc7 37. Kg3 Kf7 38. Bxh6 Be7 39. Qh2 Ke8 40. Qh5+ Kd7 41. Qf7
Nxh6 42. Qe6+ Kd8 43. Nxh6 Ra2 44. Nf7+ Ke8 45. Nxd6+ 1-0

[Event "Schachfestival Senioren"]
[Site "Bad Woerishofen"]
[Date "2011.03.28"]
[Round "6.13"]
[White "Gudat, Alfons"]
[Black "Born, Bernd-Ludger"]
[Result "0-1"]
[WhiteElo "2051"]
[BlackElo "2067"]
[PlyCount "88"]
[EventDate "2011.??.??"]

1. Nf3 d5 2. d4 Nf6 3. c4 c6 4. e3 e6 5. Nc3 Bd6 6. Bd3 O-O 7. O-O dxc4 8. Bxc4
Nbd7 9. e4 e5 10. Bg5 b5 11. Bb3 b4 12. Ne2 Qc7 13. Ng3 h6 14. dxe5 Bxe5 15.
Bxf6 Bxf6 16. Qc2 Bb7 17. Nf5 Ne5 18. N3d4 Ng4 19. g3 Qb6 20. Nf3 c5 21. h3 Ne5
22. Nxe5 Bxe5 23. Rad1 Rac8 24. Ne7+ Kh8 25. Nxc8 Bxc8 26. Qe2 Bxh3 27. Rfe1
Bc8 28. Qh5 Qf6 29. Rd2 Bxb2 30. Qxc5 Kg8 31. e5 Qf3 32. Re3 Qh5 33. Rxb2 Bb7
34. f3 Bxf3 35. Rh2 Qg4 36. Kf2 Bb7 37. Qc4 Qg6 38. e6 fxe6+ 39. Ke2 Bd5 40.
Qd4 Bxb3 41. axb3 Qc2+ 42. Qd2 Qf5 43. Kd1 Qb1+ 44. Ke2 Qf1# 0-1

[Event "Schachfestival Senioren"]
[Site "Bad Woerishofen"]
[Date "2011.03.28"]
[Round "6.16"]
[White "Straub, Peter"]
[Black "Pühn, Georg"]
[Result "0-1"]
[WhiteElo "2108"]
[BlackElo "1990"]
[PlyCount "58"]
[EventDate "2011.??.??"]

1. d4 d5 2. Nf3 Nf6 3. c4 e6 4. g3 c6 5. Bg2 Bb4+ 6. Bd2 Be7 7. Nc3 Nbd7 8. O-O
O-O 9. b3 b6 10. Ne5 Nxe5 11. dxe5 Nd7 12. f4 b5 13. Be3 bxc4 14. bxc4 Ba6 15.
cxd5 cxd5 16. f5 Nxe5 17. fxe6 fxe6 18. Rxf8+ Kxf8 19. Qd4 Bf6 20. Rf1 Kg8 21.
Qa4 Bc4 22. Bd2 Qb6+ 23. Kh1 Qb2 24. Be1 Rf8 25. Qxa7 Nc6 26. Qd7 Nd8 27. Bh3
d4 28. Ne4 Bd5 29. Bg2 Qxe2 0-1

[Event "Schachfestival Senioren"]
[Site "Bad Woerishofen"]
[Date "2011.03.28"]
[Round "6.27"]
[White "Rychlik, Kurt"]
[Black "Guttridge, David"]
[Result "1-0"]
[WhiteElo "2106"]
[BlackElo "1879"]
[PlyCount "59"]
[EventDate "2011.??.??"]

1. e4 e6 2. d4 d5 3. Nc3 Bb4 4. e5 Ne7 5. Bd2 b6 6. Nf3 Ba6 7. Bxa6 Nxa6 8. O-O
Qd7 9. Qe2 Nb8 10. Rad1 Nbc6 11. Qd3 h6 12. Bc1 Bxc3 13. Qxc3 O-O-O 14. b4 Kb7
15. Bd2 Rc8 16. Rb1 Nb8 17. Qb3 Ka8 18. a4 c6 19. b5 c5 20. a5 Kb7 21. axb6
axb6 22. Ra1 Rc7 23. dxc5 Rxc5 24. Nd4 Nf5 25. Nxf5 exf5 26. Rfb1 d4 27. f4 d3
28. cxd3 Qd4+ 29. Kf1 Rc7 30. Ra4 1-0